00722nam a2200241 a 4500001001300000003000900013005001700022008004100039020001000080082002000090100001900110245002400129260004400153300000900197500003500206505001000241650003300251700001900284902000800303942000700311952014700318999001500465nice12345678IN_TiNIC20260116011421.0050524s1956 newa grp 000 0 eng  ac10000a305.608097bCRA aCragg, Kenneth aCall of the Minerat aNew YorkbOxford University Pressc1956 a376p aincludes index and biblioraphy2 aIndex aIslam-Relations Christianity1 aCragg, Kenneth bSRS cBK 001040708StackRoom-aHMIbHMId2007-03-27g100.00l8m1o305.608097 CRAp03034q2026-03-24r2026-03-10s2026-03-10v100.00w2005-05-24yBK c1349d1349